000 01110nam a22001937a 4500
005 20250810163811.0
008 250810b |||||||| |||| 00| 0 eng d
020 _a9781580930451
_qpbk
041 _aeng
082 _a720.92
_bGLU
100 _aGluckman, Richard
245 _aSpace Framed : Richard Gluckman Architect
_c/ Richard Gluckman and Hal Foster
260 _aNew York
_bMonacelli Press
_c2000
300 _a240 p.
_b: ill. (chiefly color)
_c; 28 cm
520 _aPresents 38 buildings and projects with large-scale and duotone photographs and detailed presentation drawings. Featured projects include various buildings for the Dia Center For the Arts in New York, the Andy Warhol Museum in Pittsburgh, the renovation and addition to the Whitney Museum of American Art in New York, the Fort Worth Modern Art Museum competition, the Deutsche Guggenheim Berlin, and the Museo Picasso in Malaga, Spain. In addition to generous illustrations and an introduction by the architect, the book features an essay by critic Hal Foster.
650 _aArchitecture
700 _aFoster, Hal
942 _cREF
999 _c579839
_d579839